Countries of South America in French - Statistics

General Stats
  • This quiz has been taken 45 times
  • The average score is 11 of 12
Answer Stats
Hint Answer % Correct
Argentina Argentine
100%
Bolivia Bolivie
100%
Paraguay Paraguay
100%
Suriname Suriname
100%
Uruguay Uruguay
100%
Venezuela Venezuela
100%
Brazil Brésil
96%
Colombia Colombie
96%
Chile Chili
93%
Peru Pérou
86%
Ecuador Équateur
82%
Guyana Guyana
82%
No matching quizzes found
Score Distribution
Percent of People with Each Score
Percentile by Number Answered
Your Score History
You have not taken this quiz